[Event "Mercredi 2022.11.15 ABCD"]
[Site "Montreal CAN"]
[Date "2022.12.07"]
[Round "4"]
[White "Toenz, Antoine"]
[Black "Di Matteo, Alessio"]
[Result "1-0"]
[WhiteElo "1985"]
[BlackElo "1967"]
[PlyCount "63"]
[EventDate "2022.11.16"]
[EventType "tourn"]
[EventRounds "5"]
[EventCountry "CAN"]

1. e4 e6 2. d4 d5 3. e5 c5 4. Nf3 cxd4 5. Bd3 Nc6 6. O-O Nge7 7. Bf4 Ng6 8. Bg3
f5 9. h3 Bd7 10. Nbd2 Be7 11. Nb3 Qb6 12. Qe2 h5 13. Rfd1 Rc8 14. a4 a6 15. a5
Qb4 16. Bxf5 exf5 17. e6 f4 18. exd7+ Kxd7 19. Bh2 Bd6 20. Qd3 Nge7 21. Nbxd4
Rhf8 22. c3 Qc5 23. b4 Qa7 24. Nxc6 bxc6 25. Rab1 Rb8 26. Re1 Kc7 27. Qh7 Rg8
28. Bxf4 Kd7 29. Bxd6 Kxd6 30. Qxh5 g5 31. Qf7 Qd7 32. Qf6+ 1-0

[Event "Mercredi 2022.11.15 ABCD"]
[Site "Montreal CAN"]
[Date "2022.12.14"]
[Round "5"]
[White "Adam, Rafael"]
[Black "Batorshyn, Ilia"]
[Result "0-1"]
[WhiteElo "2244"]
[BlackElo "2145"]
[PlyCount "254"]
[EventDate "2022.11.16"]
[EventType "tourn"]
[EventRounds "5"]
[EventCountry "CAN"]

1. d4 Nf6 2. c4 g6 3. g3 Bg7 4. Bg2 O-O 5. Nc3 d6 6. Nf3 Nc6 7. O-O a6 8. d5
Na5 9. b3 c5 10. Bb2 Rb8 11. Nd2 b5 12. Qc2 bxc4 13. bxc4 Nd7 14. Nd1 Ne5 15.
f4 Rxb2 16. Nxb2 Ng4 17. Rf3 Bd4+ 18. Kh1 Ne3 19. Rxe3 Bxe3 20. Nf3 Bg4 21. Rb1
Qc7 22. Nd3 Rb8 23. Rxb8+ Qxb8 24. h3 Bf5 25. Kh2 Kf8 26. Qc3 f6 27. Qxa5 Qb1
28. Qc3 Qxa2 29. Bf1 Qb1 30. Qe1 Qc2 31. Nf2 a5 32. Nd1 Bc1 33. Nc3 Bb2 34. Nb5
a4 35. Nd2 a3 36. Nxa3 Bxa3 37. Nf3 Bb4 38. Qf2 Qxc4 39. Bg2 Be4 40. Qe3 Qxd5
41. Nh4 Bxg2 42. Nxg2 c4 43. Qb6 Bc5 44. Qd8+ Kf7 45. Qh8 Qh5 46. g4 Qh6 47.
Qa8 Qf8 48. Qd5+ e6 49. Qxc4 Qc8 50. e3 Qc7 51. Kh1 d5 52. Qc3 Qb6 53. Qd3 Qc6
54. Qc3 Qb5 55. Kh2 Qc4 56. Qd2 Qe4 57. Qa5 Be7 58. Qc3 e5 59. fxe5 fxe5 60.
Qc6 Qc4 61. Qb7 Ke6 62. Qb8 Kd7 63. Qb7+ Ke6 64. Qb8 Kd7 65. Qb7+ Ke8 66. Qb8+
Kd7 67. Qb7+ Ke6 68. Qb8 Qe4 69. Qg8+ Kd7 70. Qa8 Qc4 71. Qb7+ Ke8 72. Qb8+ Kd7
73. Qb7+ Ke6 74. Qb8 Qe4 75. Qg8+ Kd7 76. Qa8 Bd6 77. Qb7+ Bc7 78. Qb5+ Ke7 79.
Qc5+ Bd6 80. Qa7+ Ke6 81. Qxh7 d4 82. Qg8+ Kd7 83. Qf7+ Be7 84. Qc4 Bd6 85.
Qf7+ Kc6 86. Qc4+ Kb6 87. Qb3+ Ka5 88. Qa2+ Kb4 89. Qb2+ Kc4 90. Qa2+ Kc3 91.
Qa1+ Kb3 92. Qa6 Qd5 93. Qd3+ Kb4 94. Qd2+ Kb5 95. Qd3+ Ka5 96. Qd2+ Bb4 97.
Qd3 Qd6 98. Kh1 Bc3 99. Qc2 Qd5 100. Kh2 Kb4 101. Qb1+ Kc5 102. Qc1 Kb5 103.
Qb1+ Ka5 104. Qc2 Qc4 105. Qe4 Kb4 106. Qb1+ Kc5 107. exd4+ exd4 108. Qb7 d3
109. Qc7+ Kb4 110. Qb7+ Ka3 111. Qa7+ Kb3 112. Qb7+ Bb4 113. Qf3 Bd6+ 114. Kg1
Qc1+ 115. Kf2 Qc2+ 116. Kg1 Bc5+ 117. Kh2 Kb2 118. Qb7+ Kc1 119. Qg7 Bd6+ 120.
Kg1 Qd1+ 121. Kf2 Qe2+ 122. Kg1 Bc5+ 123. Kh2 Bd6+ 124. Kg1 Qe5 125. Qb7 d2
126. Qc6+ Qc5+ 127. Qxc5+ Bxc5+ 0-1

[Event "Mercredi 2022.11.15 ABCD"]
[Site "Montreal CAN"]
[Date "2022.12.14"]
[Round "5"]
[White "Di Matteo, Alessio"]
[Black "Barko, Maxim"]
[Result "0-1"]
[WhiteElo "1967"]
[BlackElo "1981"]
[PlyCount "92"]
[EventDate "2022.11.16"]
[EventType "tourn"]
[EventRounds "5"]
[EventCountry "CAN"]

1. d4 Nf6 2. c4 g6 3. Nc3 Bg7 4. e4 O-O 5. Nf3 d6 6. Be2 Na6 7. O-O e5 8. Be3
Ng4 9. Bg5 Qe8 10. Re1 f6 11. Bh4 Nh6 12. h3 Nf7 13. Nd5 Qd8 14. c5 c6 15. Bxa6
cxd5 16. Bf1 dxe4 17. Rxe4 g5 18. Bg3 f5 19. Re2 e4 20. Ne1 f4 21. Bh2 Bf5 22.
Rd2 d5 23. b4 a6 24. a4 Qd7 25. b5 a5 26. Ra3 Nd8 27. Rc3 Rc8 28. Nc2 Rf6 29.
Na1 Bh6 30. Nb3 Ra8 31. Be2 f3 32. gxf3 exf3 33. Rxf3 g4 34. Rxf5 Rxf5 35. Bxg4
Bxd2 36. Bxf5 Qxf5 37. Qxd2 Qb1+ 38. Nc1 Nf7 39. Bf4 Re8 40. Kh2 Qe4 41. Nb3
Kh8 42. Nxa5 Rg8 43. Bg3 Ng5 44. Be5+ Qxe5+ 45. dxe5 Nf3+ 46. Kh1 Rg1# 0-1

[Event "Mercredi 2022.11.15 ABCD"]
[Site "Montreal CAN"]
[Date "2022.12.14"]
[Round "5"]
[White "Gadbois, Patrick"]
[Black "Lebeau, Gilbert"]
[Result "1/2-1/2"]
[WhiteElo "1921"]
[BlackElo "1924"]
[PlyCount "110"]
[EventDate "2022.11.16"]
[EventType "tourn"]
[EventRounds "5"]
[EventCountry "CAN"]

1. d4 d5 2. Nf3 Nf6 3. e3 c5 4. c3 e6 5. Bd3 Nc6 6. Nbd2 Be7 7. O-O O-O 8. Ne5
Qc7 9. f4 Bd6 10. Qf3 Ne7 11. g4 g6 12. h4 h5 13. g5 Ne8 14. Rf2 Ng7 15. Nf1 b6
16. Ng3 Bb7 17. Bd2 a6 18. Rc1 c4 19. Bb1 b5 20. a3 Nef5 21. Nxf5 exf5 22. Rff1
a5 23. Qd1 Qe7 24. Qe1 Rab8 25. Rf2 Rfc8 26. Re2 Ba8 27. Rf2 b4 28. axb4 axb4
29. cxb4 Bxb4 30. Bxb4 Rxb4 31. Qc3 Rcb8 32. Qa3 Qb7 33. Re1 Rb3 34. Qd6 c3 35.
Nd7 Qb4 36. Qxb8+ Qxb8 37. Nxb8 Rxb8 38. bxc3 Ne8 39. Rc1 Nd6 40. Bd3 Nc4 41.
Bxc4 dxc4 42. Ra2 Be4 43. Rd2 Bd5 44. Kf2 Rb3 45. Ke2 Kf8 46. Ra2 Be4 47. Rd2
Bd5 48. Kd1 Bf3+ 49. Ke1 Bd5 50. Kf2 Ke7 51. Ra2 Kf8 52. Kg3 Be4 53. Kf2 Ke7
54. Ra7+ Kf8 55. Ra2 Ke7 1/2-1/2

[Event "Mercredi 2022.11.15 ABCD"]
[Site "Montreal CAN"]
[Date "2022.12.14"]
[Round "5"]
[White "Genzling, Jerome"]
[Black "Toenz, Antoine"]
[Result "1-0"]
[WhiteElo "1981"]
[BlackElo "1985"]
[PlyCount "81"]
[EventDate "2022.11.16"]
[EventType "tourn"]
[EventRounds "5"]
[EventCountry "CAN"]

1. e4 c6 2. Nf3 d5 3. Nc3 Nf6 4. e5 Ne4 5. Ne2 Bg4 6. Nfg1 Nc5 7. d4 Ncd7 8. f3
Bf5 9. g4 Bg6 10. h4 h6 11. Nf4 e6 12. Nxg6 fxg6 13. Bd3 Qa5+ 14. c3 c5 15.
Bxg6+ Kd8 16. a3 Qb6 17. Ne2 cxd4 18. cxd4 Nc6 19. f4 Be7 20. Qd3 Rc8 21. b4
Nf8 22. Be3 Bxb4+ 23. Kf2 Be7 24. Rab1 Qc7 25. h5 a6 26. Rhc1 Qd7 27. Rc3 Na5
28. Rxc8+ Kxc8 29. Bd2 Nc4 30. Bb4 Nxg6 31. Qxg6 Rf8 32. Kg3 Nxa3 33. Bxa3 Bxa3
34. Rb6 Re8 35. f5 Kc7 36. fxe6 Qe7 37. Nf4 Rd8 38. Qb1 Kc8 39. Qb3 Bc1 40.
Nxd5 Qg5 41. Qc3+ 1-0

[Event "Mercredi 2022.11.15 ABCD"]
[Site "Montreal CAN"]
[Date "2022.12.14"]
[Round "5"]
[White "Have, Didier"]
[Black "Singher, Jean-Pierre"]
[Result "1/2-1/2"]
[WhiteElo "2010"]
[BlackElo "1989"]
[PlyCount "86"]
[EventDate "2022.11.16"]
[EventType "tourn"]
[EventRounds "5"]
[EventCountry "CAN"]

1. e4 c5 2. b4 cxb4 3. a3 d5 4. exd5 Qxd5 5. Bb2 Nf6 6. Nf3 Nc6 7. Be2 e5 8. c4
Qe6 9. d4 exd4 10. O-O Bd6 11. axb4 Bxb4 12. Na3 O-O 13. Nb5 Qe7 14. Nfxd4 Bd7
15. Bf3 Rfc8 16. Qb3 a6 17. Nxc6 bxc6 18. Nc3 Be6 19. Na4 Rab8 20. Qc2 Nd7 21.
Be4 h6 22. Qd3 Nc5 23. Qg3 f5 24. Bxc6 Nxa4 25. Bxa4 Bxc4 26. Rfc1 Bd6 27. Qc3
Be6 28. Qd4 Rd8 29. Qc3 Rbc8 30. Qa5 Rxc1+ 31. Rxc1 Rb8 32. Be5 Bxe5 33. Qxe5
Rb4 34. Bc6 Qf6 35. Qd6 Rb2 36. g3 f4 37. Re1 fxg3 38. f3 Bh3 39. Bd5+ Kh7 40.
Be4+ g6 41. Qxf6 Rg2+ 42. Kh1 Rxh2+ 43. Kg1 Rg2+ 1/2-1/2

[Event "Mercredi 2022.11.15 ABCD"]
[Site "Montreal CAN"]
[Date "2022.12.14"]
[Round "5"]
[White "Jacquet, Stephane"]
[Black "Cardin, Guillaume"]
[Result "1-0"]
[WhiteElo "1988"]
[BlackElo "2095"]
[PlyCount "67"]
[EventDate "2022.11.16"]
[EventType "tourn"]
[EventRounds "5"]
[EventCountry "CAN"]

1. d4 d5 2. c4 c6 3. Nc3 Nf6 4. Nf3 e6 5. Bg5 Nbd7 6. cxd5 exd5 7. e3 h6 8. Bh4
g5 9. Bg3 Nh5 10. Bd3 Nxg3 11. hxg3 Bg7 12. O-O Nb6 13. Re1 Be6 14. Na4 Nxa4
15. Qxa4 h5 16. e4 O-O 17. e5 a5 18. Rad1 Bh6 19. Bb1 Kg7 20. Qc2 Rh8 21. Nd2
g4 22. Nf1 h4 23. Ne3 Bxe3 24. Rxe3 h3 25. f4 Rh5 26. gxh3 Rxh3 27. Rd2 Qb6 28.
Rb3 Qa7 29. f5 Rah8 30. fxe6 Rh1+ 31. Kf2 R8h2+ 32. Ke3 Re1+ 33. Kf4 Rxd2 34.
Qh7+ 1-0

[Event "Mercredi 2022.11.15 ABCD"]
[Site "Montreal CAN"]
[Date "2022.12.12"]
[Round "5"]
[White "Latorre, Vincent"]
[Black "Rodrigue-Lemieux, Shawn"]
[Result "0-1"]
[WhiteElo "2130"]
[BlackElo "2489"]
[PlyCount "86"]
[EventDate "2022.11.16"]
[EventType "tourn"]
[EventRounds "5"]
[EventCountry "CAN"]

1. e4 e5 2. Nf3 Nc6 3. Bc4 Nf6 4. d3 h6 5. c3 d6 6. a4 g5 7. O-O Bg7 8. Na3 O-O
9. Nc2 d5 10. exd5 Nxd5 11. Re1 Be6 12. Bb5 Nde7 13. Be3 a6 14. Bxc6 Nxc6 15.
d4 e4 16. Nd2 f5 17. f4 exf3 18. Nxf3 Qd6 19. Bf2 Rae8 20. Qd3 f4 21. Rad1 Qd5
22. Na3 Bf5 23. Qc4 Qxc4 24. Nxc4 Bc2 25. Rxe8 Rxe8 26. Re1 Rxe1+ 27. Nxe1 Bxa4
28. Nd2 Ne7 29. g3 Nd5 30. Nd3 b6 31. gxf4 gxf4 32. c4 Bc2 33. Ne1 Ne3 34. Bxe3
fxe3 35. Ndf3 Bb3 36. c5 bxc5 37. dxc5 Bxb2 38. Nd3 Bc3 39. Kf1 Bd1 40. Ng1 a5
41. Ne2 Bxe2+ 42. Kxe2 Bd4 43. c6 a4 0-1

[Event "Mercredi 2022.11.15 ABCD"]
[Site "Montreal CAN"]
[Date "2022.12.14"]
[Round "5"]
[White "Leveille, Francois"]
[Black "Lawson, Eric"]
[Result "0-1"]
[WhiteElo "2331"]
[BlackElo "2346"]
[PlyCount "66"]
[EventDate "2022.11.16"]
[EventType "tourn"]
[EventRounds "5"]
[EventCountry "CAN"]

1. e4 c5 2. Nf3 d6 3. d4 cxd4 4. Nxd4 Nf6 5. Nc3 a6 6. Bg5 e6 7. f4 Qb6 8. Qd2
Qxb2 9. Rb1 Qa3 10. f5 Nc6 11. fxe6 fxe6 12. Nxc6 bxc6 13. e5 dxe5 14. Bxf6
gxf6 15. Ne4 Qxa2 16. Rd1 Be7 17. Be2 O-O 18. O-O Ra7 19. Qh6 Qxc2 20. Nxf6+
Bxf6 21. Rxf6 Qc5+ 22. Kh1 Rg7 23. Bc4 Qe7 24. Bxe6+ Bxe6 25. Rxe6 Qf7 26. h3
Rxg2 27. Qe3 Qxe6 28. Kxg2 Qf5 29. Rg1 Kh8 30. Re1 Rg8+ 31. Kh1 a5 32. Ra1 a4
33. Re1 a3 0-1

[Event "Mercredi 2022.11.15 ABCD"]
[Site "Montreal CAN"]
[Date "2022.12.14"]
[Round "5"]
[White "Lima-Barbosa, Raphael"]
[Black "Landry, Sylvain"]
[Result "0-1"]
[WhiteElo "1879"]
[BlackElo "1918"]
[PlyCount "82"]
[EventDate "2022.11.16"]
[EventType "tourn"]
[EventRounds "5"]
[EventCountry "CAN"]

1. d4 d5 2. c4 c6 3. Nc3 Nf6 4. Nf3 dxc4 5. a4 Bf5 6. Ne5 Nbd7 7. Nxc4 Qc7 8.
g3 e5 9. dxe5 Nxe5 10. Bf4 Nfd7 11. Bg2 g5 12. Ne3 gxf4 13. Nxf5 O-O-O 14. Qc2
Nc5 15. O-O fxg3 16. hxg3 a5 17. Rfd1 h5 18. Rxd8+ Qxd8 19. Rd1 Qf6 20. Ne4
Nxe4 21. Qxe4 Bb4 22. Bh3 Kb8 23. Qd4 Rg8 24. b3 Ng4 25. Bxg4 Qxd4 26. Rxd4
hxg4 27. Nh6 Rf8 28. Rxg4 Ka7 29. e3 Rd8 30. Nxf7 Rd3 31. Rd4 Rxb3 32. g4 c5
33. Rd7 c4 34. Nd6 Bxd6 35. Rxd6 c3 36. Rd3 Rb1+ 37. Kg2 c2 38. Rc3 c1=Q 39.
Rxc1 Rxc1 40. f4 b5 41. f5 bxa4 0-1

[Event "Mercredi 2022.11.15 ABCD"]
[Site "Montreal CAN"]
[Date "2022.12.14"]
[Round "5"]
[White "Mok, Yuen Tak"]
[Black "Chapdelaine, Gwyn"]
[Result "1-0"]
[WhiteElo "2031"]
[BlackElo "1985"]
[PlyCount "199"]
[EventDate "2022.11.16"]
[EventType "tourn"]
[EventRounds "5"]
[EventCountry "CAN"]

1. e4 e5 2. Nf3 Nc6 3. Bb5 a6 4. Ba4 Nf6 5. Qe2 b5 6. Bb3 Bc5 7. c3 d6 8. O-O
O-O 9. a4 b4 10. a5 Bg4 11. Bc4 d5 12. exd5 e4 13. dxc6 exf3 14. gxf3 Bh3 15.
Re1 Re8 16. Qd1 Ne4 17. d4 Qf6 18. Rxe4 Rxe4 19. Bf1 Rh4 20. Bxh3 Rxh3 21. dxc5
Qh4 22. Qd4 Qe7 23. Qe3 Qf6 24. Nd2 Qxc6 25. Qe4 Qxe4 26. Nxe4 bxc3 27. bxc3
Rxf3 28. Be3 Rd8 29. Kg2 Rf5 30. Rb1 Re5 31. Kf3 f5 32. Ng3 Rd3 33. Kf4 Re8 34.
Nxf5 Rxc3 35. Ng3 Rc4+ 36. Kf3 Ra4 37. Rb7 Rc8 38. Ke2 g6 39. Bd2 Kf7 40. f3
Ke6 41. Ne4 Rc4 42. Ra7 Kd5 43. Rxa6 Re8 44. Kd1 Rb8 45. Rf6 Rb3 46. Ke2 Ra3
47. Rf7 Kc6 48. Rxh7 Rc2 49. Kd1 Rc4 50. Rh6 Rxf3 51. Rxg6+ Kb5 52. Ng3 Rxc5
53. Ke2 Rf8 54. h4 Re5+ 55. Kd1 Rf2 56. Rg5 Rxg5 57. hxg5 Rf8 58. Ne4 c5 59.
Kc2 c4 60. Bc3 Rf4 61. Nd6+ Ka6 62. g6 Rf2+ 63. Kd1 Rg2 64. g7 Rxg7 65. Bxg7
Kxa5 66. Nxc4+ Kb5 67. Ne3 Kc5 68. Kd2 Kc6 69. Kd3 Kd6 70. Kc4 Ke6 71. Kd4 Kd6
72. Nd5 Ke6 73. Be5 Kf5 74. Ne3+ Ke6 75. Ke4 Kd7 76. Kd5 Ke7 77. Ng2 Kf7 78.
Nf4 Ke7 79. Kc6 Kd8 80. Nd5 Kc8 81. Nb6+ Kd8 82. Kd6 Ke8 83. Ke6 Kd8 84. Bf4
Ke8 85. Nc8 Kf8 86. Be5 Ke8 87. Nb6 Kf8 88. Nd5 Ke8 89. Bf6 Kf8 90. Nf4 Ke8 91.
Nh5 Kf8 92. Bg5 Ke8 93. Ng7+ Kf8 94. Kf6 Kg8 95. Be3 Kf8 96. Bc5+ Kg8 97. Kg6
Kh8 98. Nf5 Kg8 99. Nh6+ Kh8 100. Bd4# 1-0

[Event "Mercredi 2022.11.15 ABCD"]
[Site "Montreal CAN"]
[Date "2022.12.14"]
[Round "5"]
[White "Sekki, Abderaouf"]
[Black "Cote, Etienne"]
[Result "1/2-1/2"]
[WhiteElo "1895"]
[BlackElo "1793"]
[PlyCount "68"]
[EventDate "2022.11.16"]
[EventType "tourn"]
[EventRounds "5"]
[EventCountry "CAN"]

1. d4 Nf6 2. c4 g6 3. Nc3 Bg7 4. e4 d6 5. Be2 O-O 6. Be3 c5 7. e5 dxe5 8. dxe5
Qxd1+ 9. Rxd1 Ng4 10. Bxc5 Nxe5 11. Bxe7 Re8 12. Nd5 Na6 13. b3 Kh8 14. Bf6 Bf5
15. Kf1 Bc2 16. Rd2 Be4 17. Bxg7+ Kxg7 18. f4 Nc6 19. Nf3 Ne7 20. Nxe7 Rxe7 21.
Kf2 Rae8 22. Rhd1 Bc6 23. Ne5 Bxg2 24. Kxg2 f6 25. Bf3 fxe5 26. fxe5 b6 27. Bc6
Rc8 28. Rd7 Rc7 29. e6 Kf6 30. Rf1+ Kg7 31. Rxe7+ Rxe7 32. Bd5 Nc7 33. Re1 Kf6
34. Rf1+ Kg7 1/2-1/2

[Event "Mercredi 2022.11.15 ABCD"]
[Site "Montreal CAN"]
[Date "2022.12.14"]
[Round "5"]
[White "Wang, Rachel"]
[Black "Beaulieu, Pierre"]
[Result "1-0"]
[WhiteElo "1892"]
[BlackElo "1870"]
[PlyCount "57"]
[EventDate "2022.11.16"]
[EventType "tourn"]
[EventRounds "5"]
[EventCountry "CAN"]

1. d4 Nf6 2. c4 c5 3. d5 b5 4. cxb5 a6 5. bxa6 g6 6. Nc3 Bxa6 7. e4 Bxf1 8.
Kxf1 d6 9. g3 Bg7 10. Kg2 O-O 11. Nf3 Nbd7 12. a4 Ng4 13. Nb5 Nge5 14. Nxe5
Nxe5 15. Qe2 c4 16. Be3 Qb8 17. Bd4 Rxa4 18. Rxa4 Qxb5 19. Qc2 f5 20. Bxe5 Bxe5
21. Rxc4 fxe4 22. b4 e6 23. dxe6 d5 24. Rc8 Qb7 25. Rxf8+ Kxf8 26. Qc5+ Ke8 27.
Rd1 e3 28. Qxe3 Ke7 29. Qxe5 1-0

[Event "Mississauga Fall op"]
[Site "Mississaouga CAN"]
[Date "2022.10.07"]
[Round "1.1"]
[White "Li, William"]
[Black "Joseph Benher, Savio"]
[Result "1/2-1/2"]
[WhiteElo "2276"]
[BlackElo "2142"]
[PlyCount "137"]
[EventDate "2022.10.07"]
[EventType "swiss"]
[EventRounds "5"]
[EventCountry "CAN"]

1. d4 Nf6 2. Nf3 e6 3. e3 d6 4. c4 g6 5. Nc3 Bg7 6. Be2 O-O 7. O-O Nbd7 8. b4
e5 9. Ba3 e4 10. Nd2 Re8 11. Qc2 Qe7 12. c5 d5 13. b5 Nf8 14. Qa4 Qe6 15. c6 b6
16. Qb3 Qf5 17. f3 Qg5 18. f4 Qf5 19. Bb2 Be6 20. a4 g5 21. Nd1 Ng6 22. g3 h5
23. Re1 Ne7 24. Nf2 Qg6 25. Kh1 g4 26. a5 Qh6 27. axb6 axb6 28. Rxa8 Rxa8 29.
Ra1 Rxa1+ 30. Bxa1 Nf5 31. Nf1 Bf8 32. Qa4 Bd6 33. Kg2 Qf8 34. Bc3 Ba3 35. Nd1
Kh7 36. Bb2 Bd6 37. Qa7 Kg6 38. Nf2 Qe7 39. Bc3 Ba3 40. Qa4 Qf8 41. Bd2 Be7 42.
Qa7 Qd8 43. Nd1 Nd6 44. Nb2 Nc4 45. Bc3 Nxb2 46. Bxb2 Bb4 47. Ba3 Be1 48. Qa4
Qh8 49. Qd1 Qa8 50. Bd6 cxd6 51. Qxe1 Ne8 52. Qb4 Qa2 53. Kf2 Kf6 54. Nd2 Ke7
55. Nb1 Qa1 56. Qb3 f5 57. Bf1 Qa5 58. Nc3 Kd8 59. Na2 Nc7 60. Qb2 Bf7 61. Nc3
Ke7 62. Ke2 Be6 63. Kd1 Bf7 64. Kc2 Be6 65. Be2 Bf7 66. Kb1 Kd8 67. Qb3 Be6 68.
Kb2 Bf7 69. Kb1 1/2-1/2

[Event "Mississauga Fall op"]
[Site "Mississaouga CAN"]
[Date "2022.10.07"]
[Round "1.2"]
[White "Loadman, Ian"]
[Black "Chen, Richard"]
[Result "1/2-1/2"]
[WhiteElo "2119"]
[BlackElo "2219"]
[PlyCount "62"]
[EventDate "2022.10.07"]
[EventType "swiss"]
[EventRounds "5"]
[EventCountry "CAN"]

1. e4 e5 2. Nc3 Nc6 3. Bc4 Nf6 4. d3 Na5 5. Bb3 Nxb3 6. axb3 Be7 7. f4 d6 8.
Nf3 Bg4 9. O-O O-O 10. h3 Bxf3 11. Qxf3 Nd7 12. Nd5 f5 13. exf5 Rxf5 14. g4 Rf7
15. Qg2 c6 16. Nxe7+ Qxe7 17. Bd2 exf4 18. Rxf4 Rxf4 19. Bxf4 Qf6 20. Rf1 Qxb2
21. Qe4 Qf6 22. Bh2 d5 23. Qe3 Qh6 24. Qe7 Rf8 25. Rxf8+ Nxf8 26. Be5 Qc1+ 27.
Kf2 Qxc2+ 28. Ke1 Qc1+ 29. Ke2 Qc2+ 30. Ke1 Qc1+ 31. Ke2 Qc2+ 1/2-1/2

[Event "Mississauga Fall op"]
[Site "Mississaouga CAN"]
[Date "2022.10.07"]
[Round "1.3"]
[White "Liu, Henry"]
[Black "Ajith, Aayush"]
[Result "1-0"]
[WhiteElo "2182"]
[BlackElo "2083"]
[PlyCount "111"]
[EventDate "2022.10.07"]
[EventType "swiss"]
[EventRounds "5"]
[EventCountry "CAN"]

1. d4 Nf6 2. Bf4 e6 3. e3 d5 4. Nd2 Bd6 5. Ngf3 O-O 6. Bd3 c5 7. c3 Nc6 8. Bg3
Re8 9. Ne5 Bxe5 10. dxe5 Nd7 11. f4 f5 12. Nf3 c4 13. Bxf5 exf5 14. Qxd5+ Kh8
15. Ng5 Ncxe5 16. O-O-O h6 17. h4 Qb6 18. fxe5 Qxe3+ 19. Kb1 Qxg3 20. Qf7 Qxe5
21. Qxd7 hxg5 22. hxg5+ Kg8 23. Qd2 Qe4+ 24. Ka1 Be6 25. Qd6 Rad8 26. Qh2 Rxd1+
27. Rxd1 Bf7 28. a3 Qe7 29. Qh4 Qe2 30. Rh1 Bg6 31. Qh8+ Kf7 32. Qh2 Qe5 33.
Qh4 b5 34. Rd1 Qe6 35. Qd4 a5 36. Qa7+ Re7 37. Qxa5 Rd7 38. Rc1 Qe3 39. Rb1 Qc5
40. Ka2 Bh5 41. Qa8 Qd5 42. Qh8 Bd1 43. Qh3 Bb3+ 44. Ka1 Kg6 45. g4 fxg4 46.
Qxg4 Qf5 47. Qg1 Kh7 48. Re1 Qd3 49. g6+ Qxg6 50. Qh1+ Qh6 51. Qe4+ g6 52. Qe6
Rd2 53. Qe7+ Qg7 54. Qh4+ Kg8 55. Re8+ Kf7 56. Qe7# 1-0

[Event "Mississauga Fall op"]
[Site "Mississaouga CAN"]
[Date "2022.10.07"]
[Round "1.4"]
[White "Kim, Noah"]
[Black "Munro, Allan"]
[Result "1-0"]
[WhiteElo "2077"]
[BlackElo "2156"]
[PlyCount "79"]
[EventDate "2022.10.07"]
[EventType "swiss"]
[EventRounds "5"]
[EventCountry "CAN"]

1. Nf3 d5 2. d4 Nf6 3. c4 c6 4. e3 Bf5 5. Nc3 e6 6. Nh4 Be4 7. f3 Bg6 8. Qb3
Qc7 9. Nxg6 hxg6 10. Bd2 Nbd7 11. O-O-O dxc4 12. Bxc4 b5 13. Bd3 a6 14. Kb1 c5
15. Qc2 cxd4 16. exd4 Rc8 17. g3 Qa7 18. Nxb5 Rxc2 19. Nxa7 Rc7 20. Rc1 Bd6 21.
Rxc7 Bxc7 22. Bxa6 Nd5 23. Be1 Bb6 24. Nc6 Ne7 25. Nxe7 Kxe7 26. Bb4+ Kf6 27.
Bb5 Rd8 28. Bc3 Ke7 29. Bb4+ Kf6 30. Rd1 Nb8 31. Bc3 Ke7 32. a4 Rc8 33. Kc2 Nd7
34. Bxd7 Kxd7 35. b4 Kc6 36. Kd3 Kd5 37. a5 Bd8 38. b5 Rc4 39. b6 Ra4 40. Rb1
1-0

[Event "Mississauga Fall op"]
[Site "Mississaouga CAN"]
[Date "2022.10.07"]
[Round "1.5"]
[White "Sharma, Vishruth"]
[Black "Khanna, Ravi"]
[Result "1-0"]
[WhiteElo "2155"]
[BlackElo "2047"]
[PlyCount "61"]
[EventDate "2022.10.07"]
[EventType "swiss"]
[EventRounds "5"]
[EventCountry "CAN"]

1. e4 c6 2. d4 d5 3. e5 Bf5 4. h4 h6 5. g4 Bd7 6. Nc3 c5 7. dxc5 e6 8. Be3 Bc6
9. Bd4 Nd7 10. b4 b6 11. b5 bxc5 12. bxc6 Nb6 13. h5 cxd4 14. Qxd4 Ne7 15. c7
Qxc7 16. Nb5 Qxc2 17. Bd3 Qa4 18. Nd6+ Kd8 19. Qxa4 Nxa4 20. Nxf7+ Kc7 21. Nxh8
Nc6 22. Ng6 Nb2 23. Be2 Bb4+ 24. Kf1 Bc3 25. Rc1 d4 26. Nf3 Kb6 27. Nf4 Re8 28.
Rb1 Ka5 29. Nd3 Rb8 30. Nxb2 Bxb2 31. Nd2 1-0

[Event "Mississauga Fall op"]
[Site "Mississaouga CAN"]
[Date "2022.10.07"]
[Round "1.6"]
[White "Oancea, Nicolae"]
[Black "Mendes, Aaron Reeve"]
[Result "0-1"]
[WhiteElo "2033"]
[BlackElo "2145"]
[PlyCount "62"]
[EventDate "2022.10.07"]
[EventType "swiss"]
[EventRounds "5"]
[EventCountry "CAN"]

1. e4 c5 2. Nf3 d6 3. Bb5+ Bd7 4. Bxd7+ Qxd7 5. O-O Nc6 6. c3 Nf6 7. Re1 e6 8.
d4 cxd4 9. cxd4 d5 10. e5 Ne4 11. Nc3 Nxc3 12. bxc3 Be7 13. Bg5 O-O 14. Qd2 Na5
15. Qf4 Rac8 16. Qg3 Bxg5 17. Nxg5 Rc6 18. Re3 Nc4 19. Re2 Rfc8 20. Qd3 f5 21.
exf6 gxf6 22. Nh3 Nd6 23. Qg3+ Kh8 24. Qh4 Qf7 25. Re3 Nf5 26. Qf4 Nxe3 27.
fxe3 Rxc3 28. e4 Qg6 29. Nf2 Qg5 30. g3 Qxf4 31. gxf4 Rc1+ 0-1

[Event "Mississauga Fall op"]
[Site "Mississaouga CAN"]
[Date "2022.10.08"]
[Round "2.1"]
[White "Mendes, Aaron Reeve"]
[Black "Liu, Henry"]
[Result "1-0"]
[WhiteElo "2145"]
[BlackElo "2182"]
[PlyCount "85"]
[EventDate "2022.10.07"]
[EventType "swiss"]
[EventRounds "5"]
[EventCountry "CAN"]

1. e4 e6 2. b3 d5 3. Bb2 Nc6 4. exd5 exd5 5. Bb5 Nf6 6. Qe2+ Be6 7. Nf3 a6 8.
Bxc6+ bxc6 9. Nd4 Qd7 10. O-O c5 11. Nxe6 fxe6 12. Re1 Kf7 13. Be5 Bd6 14. f4
Rhe8 15. d3 Kg8 16. Nd2 a5 17. a4 d4 18. Bxf6 gxf6 19. Ne4 Qg7 20. Qf3 Rad8 21.
f5 exf5 22. Qxf5 Be5 23. g3 Qe7 24. Re2 c6 25. Rae1 Qf8 26. Nf2 Re7 27. Ng4 Rd5
28. Rf1 Kg7 29. Nxe5 Rdxe5 30. Rxe5 Rxe5 31. Qxe5 fxe5 32. Rxf8 Kxf8 33. Kf2
Ke7 34. Kf3 Ke6 35. Ke4 Kf6 36. g4 Kg5 37. Kxe5 Kxg4 38. Kd6 h5 39. Kxc5 h4 40.
b4 Kh3 41. bxa5 Kxh2 42. a6 Kg1 43. a7 1-0

[Event "Mississauga Fall op"]
[Site "Mississaouga CAN"]
[Date "2022.10.08"]
[Round "2.2"]
[White "Qiao, Cindy"]
[Black "Sharma, Vishruth"]
[Result "1-0"]
[WhiteElo "2031"]
[BlackElo "2155"]
[PlyCount "69"]
[EventDate "2022.10.07"]
[EventType "swiss"]
[EventRounds "5"]
[EventCountry "CAN"]

1. d4 Nf6 2. Bf4 g6 3. Nc3 d5 4. Nb5 Na6 5. e3 Bg7 6. Nf3 O-O 7. h3 c6 8. Nc3
Nc7 9. Be2 Ne6 10. Bh2 c5 11. O-O Ne4 12. Be5 Nxc3 13. bxc3 Bxe5 14. Nxe5 Ng5
15. c4 f6 16. Nf3 Nxf3+ 17. Bxf3 dxc4 18. dxc5 c3 19. Qd3 Qa5 20. Qc4+ e6 21.
Rfd1 Rf7 22. Rd3 Rc7 23. Rxc3 Bd7 24. Qd4 Kf7 25. Rb1 Bb5 26. Rcb3 a6 27. c4
Bc6 28. Bxc6 bxc6 29. Qd6 Rac8 30. Rb7 g5 31. Qxc6 Kg6 32. Qe4+ Kg7 33. c6 Qf5
34. Qxf5 exf5 35. Rxc7+ 1-0

[Event "Mississauga Fall op"]
[Site "Mississaouga CAN"]
[Date "2022.10.08"]
[Round "2.3"]
[White "Plotkin, Mark"]
[Black "Kim, Noah"]
[Result "1-0"]
[WhiteElo "2517"]
[BlackElo "2077"]
[PlyCount "91"]
[EventDate "2022.10.07"]
[EventType "swiss"]
[EventRounds "5"]
[EventCountry "CAN"]

1. d4 Nf6 2. c4 e6 3. Nf3 d5 4. Nc3 a6 5. c5 b6 6. cxb6 cxb6 7. Bg5 Be7 8. e3
Bb7 9. Bxf6 Bxf6 10. Bd3 Nd7 11. a4 O-O 12. Qc2 g6 13. O-O Rc8 14. Qe2 a5 15.
Rfd1 Nb8 16. Rac1 Qe7 17. Ne5 Bxe5 18. dxe5 Nd7 19. f4 Nc5 20. Bc2 f6 21. exf6
Qxf6 22. Qd2 Ba6 23. Qd4 Qxd4 24. Rxd4 Bc4 25. Re1 Na6 26. g3 Nb4 27. Bb1 Bb3
28. h4 Rc4 29. Kg2 Rfc8 30. Rd2 Kg7 31. Ree2 Rxc3 32. bxc3 Rxc3 33. e4 Rc1 34.
exd5 exd5 35. Rb2 Bxa4 36. Re7+ Kf8 37. Rxh7 d4 38. Bxg6 Bc6+ 39. Kh3 Bf3 40.
g4 Rg1 41. g5 d3 42. Kh2 Rc1 43. Kg3 Bd1 44. f5 Bc2 45. f6 Rg1+ 46. Kf2 1-0